|
|
|
|
| LEADER |
00000nam a2200000Ii 4500 |
| 001 |
DIGEDUFV0029 |
| 003 |
NyNyDIG |
| 006 |
m o d |
| 007 |
cr ||||||||||| |
| 008 |
220615s2020 sp a o 000 0 spa d |
| 035 |
|
|
|a (OCoLC)1158581080
|
| 040 |
|
|
|a DGITA
|b eng
|e rda
|e pn
|c DGITA
|
| 020 |
|
|
|a 9788417641757
|q edición digital
|
| 020 |
|
|
|z 9788417641740
|q edición impresa
|
| 041 |
0 |
|
|a spa
|a ita
|
| 050 |
1 |
4 |
|a PQ4328.5 ebook
|
| 100 |
1 |
|
|a Nembrini, Franco,
|e author.
|
| 245 |
1 |
0 |
|a Infierno :
|b Divina comedia de Dante Alighieri /
|c comentarios, Franco Nembrini ; ilustraciones, Gabriele Dell'Otto ; traducción, Silvia Guerrero Fontana.
|
| 250 |
|
|
|a Primera edición.
|
| 264 |
|
1 |
|a Madrid :
|b Universidad Francisco de Vitoria, UFV Madrid, Editorial,
|c 2020.
|
| 300 |
|
|
|a 1 online resource :
|b illustrations.
|
| 336 |
|
|
|a text
|b txt
|2 rdacontent
|
| 337 |
|
|
|a computer
|b c
|2 rdamedia
|
| 338 |
|
|
|a online resource
|b cr
|2 rdacarrier
|
| 347 |
|
|
|a text file
|2 rdaft
|
| 347 |
|
|
|b PDF
|
| 490 |
1 |
|
|a Colección Digital. Serie experiencias
|
| 546 |
|
|
|a Text in Spanish and Italian.
|
| 588 |
0 |
|
|a Online resource; title from PDF title page (Digitalia, viewed June 15, 2022)
|
| 600 |
0 |
0 |
|a Dante Alighieri,
|d 1265-1321.
|t Inferno.
|
| 655 |
|
0 |
|a Electronic books.
|
| 700 |
1 |
|
|a Dell'Otto, Gabriele,
|e illustrator.
|
| 700 |
1 |
|
|a Guerrero Fontana, Silvia,
|e translator.
|
| 791 |
2 |
|
|a Digitalia (Firm),
|e distributor.
|
| 793 |
0 |
|
|g Digitalia eBook Collection:
|a Editorial Universidad Francisco de Vitoria
|
| 776 |
0 |
8 |
|i Print version:
|a Nembrini, Franco.
|t Infierno.
|b Primera edición.
|d Madrid : Universidad Francisco de Vitoria, UFV Madrid, Editorial, 2020
|z 9788417641740
|
| 830 |
|
0 |
|a Colección Digital.
|p Serie experiencias.
|
| 856 |
4 |
0 |
|3 Digitalia Hispánica
|u https://www.digitaliapublishing.com/a/70200/
|
| 910 |
|
|
|a Premium collection: 2022
|